Študijné programy. Akademický rok 2004 - 2005 STU FEI

Guardado en:
Detalles Bibliográficos
Formato: Libro
Lenguaje:eslovaco
Publicado: Bratislava : STU v Bratislave, 2004
Materias:
Etiquetas: Agregar Etiqueta
Sin Etiquetas, Sea el primero en etiquetar este registro!

MARC

LEADER 00000nam a22000003a 4500
001 stu88426
005 20141121203153.9
008 040629s2004------------------------slo-d
040 |a STU  |b slo 
041 0 |a slo 
080 |a 371.214 
080 |a 378.662.13(437.6-25) 
245 |a Študijné programy. Akademický rok 2004 - 2005 STU FEI 
260 |a Bratislava :  |b STU v Bratislave,  |c 2004 
300 |a preruš. str 
650 7 |a študijné programy  |2 stusub 
996 |b 284EB00344  |c E*Zs-1324  |l EE0102  |s P  |a 0  |w stu88426_0001